Sociální indikace přijatelnosti kanabisových drog pro studenty prvních ročníků vysokých škol v ČR

Užívanie drogy medzi študentmi vysokých škôl v Čechách.

Salvato in:
Dettagli Bibliografici
Autore principale: Prudký, Libor
Altri autori: Nosek, Milan
Natura: Capitolo di libro
Lingua:ceco
Soggetti:
Tags: Aggiungi Tag
Nessun Tag, puoi essere il primo ad aggiungerne!!

MARC

LEADER 00000naa$a2200000$$$4500
001 0090268
005 20230919104910.7
041 0 |a cze 
044 |a CZ 
245 1 0 |a Sociální indikace přijatelnosti kanabisových drog pro studenty prvních ročníků vysokých škol v ČR  |c Libor Prudký, Milan Nosek 
520 |a Užívanie drogy medzi študentmi vysokých škôl v Čechách. 
610 2 0 |a školy vysoké 
610 2 0 |a študenti 
610 2 0 |a drogy 
610 2 0 |a Česko 
100 1 |a Prudký, Libor 
700 1 |a Nosek, Milan